Sociology: A Global Introduction

Bibliographic Details
Main Author: John J. Macionis, Ken Plummer
Format: Unknown
LEADER 00206 a2200085 4500
020 |a 9780273727910 
100 |a John J. Macionis, Ken Plummer  |9 60198 
245 |a Sociology: A Global Introduction 
942 |c BK 
999 |c 47717  |d 47717